|
|
|
|
| LEADER |
00000nab a2200000 a 4500 |
| 001 |
vtls009505592 |
| 003 |
SK-MaSNL |
| 005 |
20260305003100.0 |
| 008 |
131118c2009 xo |r|p|||||||000 b|slo |
| 015 |
|
|
|a SNBRB2009/05
|2 snkbucl
|
| 038 |
|
|
|a SNKBUCL
|
| 040 |
|
|
|a SNKBUCL
|b slo
|c SNKBUCL
|e AACR2
|
| 041 |
0 |
|
|a slo
|
| 044 |
|
|
|a xo
|c SK
|
| 080 |
|
|
|a 82:929:821.162.4
|2 2001
|
| 080 |
|
|
|a 821.162.4:929
|2 2001
|
| 080 |
|
|
|a 929 Šikula, Vincent
|2 2001
|
| 080 |
|
|
|a 7.097
|x (437.6)
|2 2001
|
| 100 |
1 |
|
|a Šikulová, Veronika,
|d 1967-
|4 aut
|9 100923
|
| 245 |
1 |
0 |
|a Dujba
|c Veronika Šikulová
|
| 600 |
1 |
7 |
|a Šikula, Vincent,
|d 1936-2001
|2 snkbucl
|9 103083
|
| 610 |
2 |
7 |
|a Televízia Markíza
|2 snkbucl
|9 59718
|
| 630 |
0 |
7 |
|a Aj múdry schybí (televízna relácia)
|2 snkbucl
|9 1579648
|
| 650 |
0 |
7 |
|a televízne relácie
|2 snkbucl
|9 102040
|
| 773 |
0 |
|
|t Romboid
|g Roč. XLIV, č. 1 (2009), s. 86-88
|x 0231-6714
|
| 852 |
|
|
|a SNK
|b KIS3GCP
|
| 958 |
|
|
|a LX
|
| 958 |
|
|
|a SK
|
| 958 |
|
|
|a BX
|
| 999 |
|
|
|c 3228519
|d 3230449
|